Normal view
MARC view
- اللغة العربية-بلاغة-العصر العباسي-البحتري-أبي تمام
Entry Topical Term
001 - CONTROL NUMBER
- control field: 19645
003 - CONTROL NUMBER IDENTIFIER
- control field: JO-AjAnu
005 - DATE AND TIME OF LATEST TRANSACTION
- control field: 20230606073429.0
008 - FIXED-LENGTH DATA ELEMENTS
- fixed length control field: 230606|| aca||aabn | a|a d
040 ## - CATALOGING SOURCE
- Original cataloging agency: JO-AjAnu
- Transcribing agency: JO-AjAnu
150 ## - HEADING--TOPICAL TERM
- Topical term or geographic name entry element: اللغة العربية-بلاغة-العصر العباسي-البحتري-أبي تمام
670 ## - SOURCE DATA FOUND
- Source citation: Work cat.: (JO-AjAnu)10086: مومني،قاسم, author 19644, الموازنة بين أبي تمام والبحتري للآمدي تحليل ودراسة